ABC Science picture encyclopedia / (Record no. 105113)
[ view plain ]
| 000 -LEADER | |
|---|---|
| fixed length control field | 00499nam a2200157 a 4500 |
| 005 - DATE AND TIME OF LATEST TRANSACTION | |
| control field | 20140412111340.0 |
| 008 - FIXED-LENGTH DATA ELEMENTS--GENERAL INFORMATION | |
| fixed length control field | 031016s19uu xx 00 eng d |
| 020 ## - INTERNATIONAL STANDARD BOOK NUMBER | |
| International Standard Book Number | 81-86214-39-9 |
| 050 ## - LIBRARY OF CONGRESS CALL NUMBER | |
| Classification number | REF 403 |
| Item number | A1 19_? |
| 245 ## - TITLE STATEMENT | |
| Title | ABC Science picture encyclopedia / |
| Statement of responsibility, etc | script by Dr. W. S. Rajkumar ; illustrated by S. N. Razan. |
| 260 ## - PUBLICATION, DISTRIBUTION, ETC. (IMPRINT) | |
| Place of publication, distribution, etc | India : |
| Name of publisher, distributor, etc | Marigold Books, |
| Date of publication, distribution, etc | [n.d.] |
| 300 ## - PHYSICAL DESCRIPTION | |
| Extent | [22] p. ; ill. |
| 650 ## - SUBJECT ADDED ENTRY--TOPICAL TERM | |
| Topical term or geographic name as entry element | Sciences |
| General subdivision | Juvenile literature |
| 650 ## - SUBJECT ADDED ENTRY--TOPICAL TERM | |
| Topical term or geographic name as entry element | Picture book of words |
| Withdrawn status | Lost status | Damaged status | Use restrictions | Home library | Current library | Shelving location | Date acquired | Source of acquisition | Cost, normal purchase price | Total Checkouts | Full call number | Barcode | Date last seen | Price effective from | Koha item type |
|---|---|---|---|---|---|---|---|---|---|---|---|---|---|---|---|
| Elizalde Library | Elizalde Library | Reference Section | 10/16/2003 | 63.50 | REF 403 A1 19_? | E9437 | 04/12/2014 | 04/12/2014 | Books |